000 00826cab a2200253 4500
001 ABS50550
008 090401t1994 xxu||||| |||| 00| 0 eng d
035 _a(Sirsi) u76427
041 _aeng
245 _aWhich period?
260 _c1994
350 _a0
490 _aTaxation
_v133(3450) 21 April 1994, 73-74(2)
520 _aDiscusses "Griffin v Craig-Harvey" 1994 which clarifys the meaning of `period` in connection with a capital gains tax claim for treatment as principal private residence.
650 _aCAPITAL GAINS TAX ACT 1979
650 _aCAPITAL GAINS TAX
650 _aMAIN RESIDENCE ELECTIONS
650 _aPRINICIPAL PRIVATE RESIDENCE
650 _aPRIVATE RESIDENCE EXEMPTION
650 _aTAXATION OF CHARGEABLE GAINS ACT 1992
690 _aTAXATION
942 _n0
948 _c04/03/1997
999 _c48075
_d48075